000 01022nmm a2200289 a 4500
001 ocm000557878
003 TR-IsHL
005 20201028121942.0
008 110704s2004 tu tur
007 cr cn
020 _a9789756477410
035 _a557878
_b(N$T)
050 0 4 _aQA76.73.J38
_bF53 2004
090 0 4 _aQA76.73.J38
_bF53 2004
100 1 _aFlanagan, David
245 1 0 _aJava uygulamaları: Java'da programlama yaparken bu kitabı mutlaka yakınınızda bulundurun!
_h[electronic resource] /
_cDavid Flanagan ; çev. Bülent Savaş Furat
250 _a1. bs.
260 _aİstanbul :
_bPusula Yayıncılık,
_c2004
300 _a612 p.
650 4 _aBilgisayar
650 4 _aComputer Sciences
650 0 _aJava (Bilgisayar program dili)
650 0 _aJava (Computer program language)
650 7 _aCOMPUTERS / Programming Languages / Java
_2bisacsh
700 1 _aSavaş, Bülent Furat
856 4 0 _uhttp://search.ebscohost.com/login.aspx?direct=true&scope=site&db=e011xww&AN=557878
999 _c1605
_d1605